| 000 | 00402nam a2200157Ia 4500 | ||
|---|---|---|---|
| 008 | 230711s9999||||xx |||||||||||||| ||und|| | ||
| 041 | _aENG | ||
| 082 |
_a4 _bTA-O |
||
| 100 | _aTanenbaum,Woodhull | ||
| 245 | 4 | _aThe minix book operating systems design and implementation | |
| 250 | _a3rd Ed. | ||
| 260 |
_c2006 _aNew Delhi _bPearson |
||
| 300 | _a1054 | ||
| 650 | _aComputer Engineering | ||
| 942 | _cBK | ||
| 999 |
_c4602 _d4602 |
||